| 000 | 00496nam a2200193Ia 4500 | ||
|---|---|---|---|
| 005 | 20250423100210.0 | ||
| 008 | 250422s9999 xx 000 0 und d | ||
| 020 | _a0471678716 | ||
| 050 | _aHB 172 .B864/ | ||
| 100 | _aBrowning, Edgar K. | ||
| 245 | 0 | _aMicroeconomics: theory & applications | |
| 250 | _a8th ed. | ||
| 260 | _aHoboken | ||
| 260 | _bWiley | ||
| 260 | _cc2005. | ||
| 300 | _a604 p | ||
| 650 | _aMicroeconomics. Microeconomics --Examinations, questions, etc. | ||
| 942 | _cBK | ||
| 999 |
_c32578 _d32578 |
||